000 00300nam a2200133Ia 4500
100 _aMoltershead/Allen
942 _cBK
654 _aElectronic device
245 _aElectronic devices & circuits
260 _bPrentice Hall
_aNew Delhi
_c1989
300 _a640
546 _aENGLISH
999 _c32755
_d32755